000 01456nam a2200169 a 4500
001 000046316
005 20201002052802.0
008 150723s1998 dr ac 000 0 spa d
040 _aDO-SdBNP
_bspa
_cBNPHU
100 1 _aSandoval y González, Héctor Antonio
_936515
245 1 0 _aMatemática :
_beducación media /
_cHéctor Antonio Sandoval y González.
260 _aSanto Domingo :
_bEducando,
_c1998.
300 _av. :
_bil., retrs. ;
_c28 cm.
500 _aAcorde con la nueva modalidad constructivista e interaccionista
505 0 _av. I-1 :
_gPrimer grado del primer ciclo --
_gunidad 1 --
_tIntroducción a la lógica proposicional --
_gunidad 2 --
_tConjuntos y proposiciones --
_gunidad 3 --
_tEl algebra y sus operaciones --
_gunidad 4 --
_tEcuaciones e inecuaciones en una variable --
_gunidad 5 --
_tEl mundo de la geometría --
_gunidad 6 --
_tConjunto de nos números reales --
_gunidad 7 --
_tConjunto de los números complejos --
_gunidad 8 --
_tIntroducción a la estadística --
505 0 _av. II-1 :
_gSegundo grado del primer ciclo --
_gunidad 1 --
_tDemostraciones lógicas --
_gunidad 2 --
_tLey de composición interna y estructura algebraica --
_gunidad 3 --
_tConceptos geométricos --
_gunidad 4 --
_tLos cuadrilateros y poligono general --
_gunidad 5 --
_tRelaciones y funciones --
_gunidad 6 --
_tEcuaciones e inecuaciones --
_gunidad 7 --
_tTrigonometría --
_gunidad 8 --
_tTransformaciones geométricas --
_gunidad 9 --
_tOrganización y analisis de datos --
999 _c45805
_d45805